ONE STAP RESOURCE FOR ALL YOUR EXAM NEEDS MICROBIOLOGY (Record no. 34331)

MARC details
000 -LEADER
fixed length control field 00321nam a22001337a 4500
003 - CONTROL NUMBER IDENTIFIER
control field SGT
082 ## - DEWEY DECIMAL CLASSIFICATION NUMBER
Classification number 616.01
Item number O26S
100 ## - MAIN ENTRY--PERSONAL NAME
Personal name SASTRY, APURBA S.
245 ## - TITLE STATEMENT
Title ONE STAP RESOURCE FOR ALL YOUR EXAM NEEDS MICROBIOLOGY
260 ## - PUBLICATION, DISTRIBUTION, ETC. (IMPRINT)
Place of publication, distribution, etc INDIA
Name of publisher, distributor, etc JAYPEE PUB
Year of Publication 2026
300 ## - PAGE DESCRIPTION
No. of Pages 163
650 ## - SUBJECT ADDED ENTRY--TOPICAL TERM
Topical term or geographic name as entry element MICROBIOLOGY
942 ## - ADDED ENTRY ELEMENTS (KOHA)
Source of classification or shelving scheme Dewey Decimal Classification
Koha item type Books
Holdings
Withdrawn status Lost status Source of classification or shelving scheme Damaged status Not for loan Collection code Home library Current library Shelving location Date acquired Vendor Name SGTU Bill Number Total Checkouts Full call number Accession No. (Barcode) Date last seen Bill Date Koha item type
    Dewey Decimal Classification   Not For Loan MEDICAL SGT Medical Library SGT Medical Library Reference Book 22/01/2026 ABC DELHI SGTU 22311   616.01 O26S FM16273 09/03/2026 22/01/2026 Books
    Dewey Decimal Classification   Not For Loan MEDICAL SGT Medical Library SGT Medical Library Reference Book 22/01/2026 ABC DELHI SGTU 22311   616.01 O26S FM16274 09/03/2026 22/01/2026 Books